Intervención familiar : (Registro nro. 62625)
[ vista simple ]
| 000 -LEADER | |
|---|---|
| fixed length control field | 01508nam a2200397 i 4500 |
| 001 - CONTROL NUMBER | |
| control field | 62625 |
| 003 - CONTROL NUMBER IDENTIFIER | |
| control field | Mx-PuUPA |
| 005 - DATE AND TIME OF LATEST TRANSACTION | |
| control field | 20250924130559.0 |
| 008 - FIXED-LENGTH DATA ELEMENTS--GENERAL INFORMATION | |
| fixed length control field | 150519s2011 sp a 000 0 spa d |
| 017 ## - COPYRIGHT OR LEGAL DEPOSIT NUMBER | |
| Copyright or legal deposit number | B. 26.065-2011 |
| 020 ## - INTERNATIONAL STANDARD BOOK NUMBER | |
| International Standard Book Number | 9788449303715 |
| 040 ## - CATALOGING SOURCE | |
| Transcribing agency | Mx-PuUPA |
| Original cataloging agency | Mx-PuUPA |
| Language of cataloging | spa |
| Modifying agency | Mx-PuUPA |
| Description conventions | rda |
| 041 1# - LANGUAGE CODE | |
| Language code of text/sound track or separate title | spa |
| Language code of original | eng |
| 100 1# - MAIN ENTRY--PERSONAL NAME | |
| Personal name | Asen, K. Eia, |
| Relator term | autor |
| 9 (RLIN) | 1170 |
| 240 10 - UNIFORM TITLE | |
| Uniform title | Family solutions in family practice. |
| Language of a work | Español |
| 245 10 - TITLE STATEMENT | |
| Title | Intervención familiar : |
| Remainder of title | guía práctica para los profesionales de la salud / |
| Statement of responsibility, etc. | K. Eia Asen, Peter Tomson ; ilustraciones, Bernard Canavan ; traducción, Ángela Aparicio |
| 250 ## - EDITION STATEMENT | |
| Edition statement | 1a. edición / |
| Remainder of edition statement | 1997 |
| 264 #1 - PRODUCTION, PUBLICATION, DISTRIBUTION, MANUFACTURE, AND COPYRIGHT NOTICE | |
| Place of production, publication, distribution, manufacture | Barcelona, España : |
| Name of producer, publisher, distributor, manufacturer | Paidós, |
| Date of production, publication, distribution, manufacture, or copyright notice | 1997 |
| 300 ## - PHYSICAL DESCRIPTION | |
| Extent | 135 páginas : |
| Other physical details | ilustraciones (blanco y negro) ; |
| Dimensions | 25 cm. |
| 336 ## - CONTENT TYPE | |
| Content type term | texto |
| Fuente | rdacontent |
| Content type code | txt |
| 337 ## - MEDIA TYPE | |
| Media type term | sin medio |
| Source | rda media |
| Media type code | n |
| 338 ## - CARRIER TYPE | |
| Carrier type term | volumen |
| Source | rdacarrier |
| Carrier type code | nc |
| 490 0# - SERIES STATEMENT | |
| Series statement | Psicología, psiquiatría, psicoterapia ; |
| Volume/sequential designation | 159 |
| 500 ## - GENERAL NOTE | |
| General note | Reimpresiones: (2a. reimpresión, julio, 2011). |
| 650 #7 - SUBJECT ADDED ENTRY--TOPICAL TERM | |
| Topical term or geographic name entry element | Psicología clínica |
| Source of heading or term | armarc |
| 650 #7 - SUBJECT ADDED ENTRY--TOPICAL TERM | |
| Topical term or geographic name entry element | Terapia |
| Source of heading or term | armarc |
| 650 #7 - SUBJECT ADDED ENTRY--TOPICAL TERM | |
| Topical term or geographic name entry element | Familia |
| Source of heading or term | armarc |
| 650 #7 - SUBJECT ADDED ENTRY--TOPICAL TERM | |
| Topical term or geographic name entry element | Relaciones familiares |
| Source of heading or term | armarc |
| 700 1# - ADDED ENTRY--PERSONAL NAME | |
| Personal name | Tomson, Peter. |
| 9 (RLIN) | 1171 |
| Relator term | autor |
| 700 1# - ADDED ENTRY--PERSONAL NAME | |
| Personal name | Canavan, Bernard, |
| Relator term | ilustrador |
| 9 (RLIN) | 1172 |
| 700 1# - ADDED ENTRY--PERSONAL NAME | |
| Personal name | Aparicio, Ángela, |
| Relator term | traductor |
| 765 0# - ORIGINAL LANGUAGE ENTRY | |
| Main entry heading | Asen. K. Eia |
| Title | Family solutions in family practice |
| 942 ## - ADDED ENTRY ELEMENTS (KOHA) | |
| Source of classification or shelving scheme | Dewey Decimal Classification |
| Koha item type | Libro |
| Classification part | 616.89156 |
| Item part | A8618 |
| Withdrawn status | Lost status | Source of classification or shelving scheme | Damaged status | Not for loan | Collection code | Home library | Current library | Shelving location | Date acquired | Source of acquisition | Total Checkouts | Total Renewals | Full call number | Barcode | Date last seen | Date last checked out | Price effective from | Koha item type |
|---|---|---|---|---|---|---|---|---|---|---|---|---|---|---|---|---|---|---|
| Dewey Decimal Classification | General | Biblioteca Karol Wojtyla | Biblioteca Karol Wojtyla | Sala general | 19/05/2015 | Compra | 4 | 1 | 616.89156 A8618 1997 | 93866 | 05/01/2026 | 22/01/2025 | 19/10/2015 | Libro |